000 00582nam a2200181Ia 4500
003 OSt
005 20200820105544.0
008 190216s9999||||xx |||||||||||||| ||und||
020 _a9780071332767
040 _coclc
082 _a547.30858
_bWIL/S
100 _aWilliams, Dudley H
_94102
245 0 _aSpectroscopic Methods In Organic Chemistry /
_cDudley H Williams ; Ian Fleming
250 _a6th Ed.
260 _bTata Mcgraw-Hill Education Private Limited,
_c2012.
_aNew Delhi:
300 _a291p
942 _cBK
_2ddc
_h547.30858
_iWIL/S
_k547.30858
_mWIL/S
999 _c3813
_d3813